00791nam a22002417a 450000100060000000300090000600500170001500700060003200800390003802000320007704000220010908200360013124501280016726000400029530000330033549000120036850000440038065000160042465000250044070000280046570000440049383000120053700294DO-SdBNP20180312102339.000294160429b dr 2005||||| |||| 00| 0 spa d a9789945111163 (v. 1) Guía aBPMSUbspacBPMSU04a371.227bA188p 1ro. 200500aActivación del pensamiento 1 /cAndrés Molina Maloon ... [et al.] ; dirección editorial Obdulia García de Escobar  aSanto Domingo :bSantillana,c2005. a87 p. :bil., retrs.c28 cm.1 aÁmbar aLa biblioteca posee solamente la guía 4aAPRENDIZAJE 4aPENSAMIENTO CREATIVO1 aMolina Moloon, Andrés1 aGarcía de Escobar, Obdulia,edir. ed. 0aÁmbar